| 000 | 00515nam a2200169Ia 4500 | ||
|---|---|---|---|
| 008 | 210719s1988 xx 000 0 und d | ||
| 020 | _a0876925980 | ||
| 041 | _aeng | ||
| 082 | _a338.91 BROS | ||
| 100 | _aBROWN (Lester R) | ||
| 245 | _aState of the world 1988: a worldwatch institute report on progress toward a sustainable society. | ||
| 260 |
_aND _bPrentice-Hall of India Private Limited _c1988 |
||
| 300 |
_axvii,237 _bHB |
||
| 365 |
_b75 _cRs |
||
| 650 | _aEconomic Development | ||
| 906 | _aWorld economy | ||
| 999 |
_c212115 _d212115 |
||